Quizzes The Elephant is big - Statistics

General Stats
  • This quiz has been taken 33 times
  • The average score is 6 of 6
Answer Stats
Picture Hint Answer % Correct
Fat Cow
100%
Strong Lion
100%
Small Ant
96%
Big Bear
96%
Funny Cat
96%
Tall Giraffe
88%
No matching quizzes found
Score Distribution
Percent of People with Each Score
Percentile by Number Answered
Your Score History
You have not taken this quiz